<?xml version="1.0" encoding="UTF-8"?>
<record
    xmlns:xsi="http://www.w3.org/2001/XMLSchema-instance"
    xsi:schemaLocation="http://www.loc.gov/MARC21/slim http://www.loc.gov/standards/marcxml/schema/MARC21slim.xsd"
    xmlns="http://www.loc.gov/MARC21/slim">

  <leader>02689nam a22002897a 4500</leader>
  <controlfield tag="001">8085</controlfield>
  <controlfield tag="003">FISKH</controlfield>
  <controlfield tag="005">20250822102148.0</controlfield>
  <controlfield tag="008">250822b        cb ||||| |||| 00| 0 eng d</controlfield>
  <datafield tag="020" ind1=" " ind2=" ">
    <subfield code="a">9789996301834</subfield>
  </datafield>
  <datafield tag="040" ind1=" " ind2=" ">
    <subfield code="a">FISKH</subfield>
    <subfield code="b">khr</subfield>
    <subfield code="c">FISKH</subfield>
    <subfield code="d">FISKH</subfield>
  </datafield>
  <datafield tag="050" ind1=" " ind2=" ">
    <subfield code="a">PZ7</subfield>
  </datafield>
  <datafield tag="100" ind1=" " ind2=" ">
    <subfield code="a">Saren, Koam</subfield>
  </datafield>
  <datafield tag="245" ind1=" " ind2=" ">
    <subfield code="a">&#x1780;&#x17BB;&#x1798;&#x17B6;&#x179A;&#x1780;&#x17D2;&#x179B;&#x17B6;&#x17A0;&#x17B6;&#x1793;&#x1791;&#x17B6;&#x17C6;&#x1784;&#x17E5;&#x200B; :</subfield>
    <subfield code="b">The 5 brave boys / </subfield>
    <subfield code="c">&#x1793;&#x17B7;&#x1796;&#x1793;&#x17D2;&#x1792;&#x178A;&#x17C4;&#x1799; &#x179B;&#x17C4;&#x1780; &#x1782;&#x17B6;&#x17C6; &#x179F;&#x17B6;&#x179A;&#x17C9;&#x17C2;&#x1793; , &#x178F;&#x17D2;&#x179A;&#x17BD;&#x178F;&#x1796;&#x17B7;&#x1793;&#x17B7;&#x178F;&#x17D2;&#x1799;&#x17A2;&#x1780;&#x17D2;&#x1781;&#x179A;&#x17B6;&#x179C;&#x17B7;&#x179A;&#x17BB;&#x1791;&#x17D2;&#x1792; &#x17A2;&#x17D2;&#x1793;&#x1780;&#x179F;&#x17D2;&#x179A;&#x17B8; &#x1782;&#x17BA;&#x1798;&#x179F;&#x17CA;&#x17BB;&#x1793; &#x179F;&#x17BB;&#x1792;&#x17B6;&#x179A;&#x17B8; ,&#x200B; &#x179B;&#x17C4;&#x1780; &#x1792;&#x17B8; &#x1785;&#x17B6;&#x1793;&#x17CB;&#x1790;&#x1793; &#x1793;&#x17B7;&#x1784; &#x179B;&#x17C4;&#x1780;&#x179F;&#x17C1;&#x1784; &#x1785;&#x17C6;&#x179A;&#x17BE;&#x1793; </subfield>
  </datafield>
  <datafield tag="260" ind1=" " ind2=" ">
    <subfield code="a">Phnom Penh : </subfield>
    <subfield code="b">Reading Book , </subfield>
    <subfield code="c">2013.</subfield>
  </datafield>
  <datafield tag="300" ind1=" " ind2=" ">
    <subfield code="a">20 pages : </subfield>
    <subfield code="b">color illustrations ;</subfield>
    <subfield code="c">25 cm .</subfield>
  </datafield>
  <datafield tag="505" ind1=" " ind2=" ">
    <subfield code="a">P 
</subfield>
  </datafield>
  <datafield tag="520" ind1=" " ind2=" ">
    <subfield code="a">&#x178F;&#x17B6;&#x17A5;&#x179F;&#x17B8;&#x1794;&#x17B6;&#x1793;&#x179A;&#x1780;&#x1783;&#x17BE;&#x1789;&#x17AC;&#x179F;&#x17D2;&#x179F;&#x17B8;&#x1798;&#x17BD;&#x1799; &#x178A;&#x17C2;&#x179B;&#x1798;&#x17B6;&#x1793;&#x178A;&#x17C6;&#x178E;&#x17BE;&#x1794;&#x178A;&#x17BC;&#x1784;, &#x179F;&#x178E;&#x17D2;&#x178F;&#x17C2;&#x1780;, &#x179F;&#x17D2;&#x1780;&#x179A; &#x1793;&#x17B7;&#x1784;&#x17A2;&#x17C6;&#x1794;&#x17B7;&#x179B;&#x17D4; &#x17A5;&#x179F;&#x17B8;&#x1794;&#x17B6;&#x1793;&#x1794;&#x17D2;&#x179A;&#x17BE;&#x179C;&#x17C1;&#x1791;&#x1798;&#x1793;&#x17D2;&#x178F; &#x1794;&#x1798;&#x17D2;&#x179B;&#x17C2;&#x1784;&#x179C;&#x17B6;&#x1787;&#x17B6;&#x1780;&#x17BC;&#x1793;&#x1794;&#x17D2;&#x179A;&#x17BB;&#x179F;&#x1794;&#x17D2;&#x179A;&#x17B6;&#x17C6;&#x1793;&#x17B6;&#x1780;&#x17CB;&#x17D4; &#x1794;&#x1793;&#x17D2;&#x1791;&#x17B6;&#x1794;&#x17CB;&#x1796;&#x17B8;&#x17A2;&#x179F;&#x17CB;&#x179A;&#x1799;&#x17C8;&#x1796;&#x17C1;&#x179B;&#x1787;&#x17B6;&#x1785;&#x17D2;&#x179A;&#x17BE;&#x1793;&#x1786;&#x17D2;&#x1793;&#x17B6;&#x17C6; &#x1780;&#x17BC;&#x1793;&#x1794;&#x17D2;&#x179A;&#x17BB;&#x179F;&#x1791;&#x17B6;&#x17C6;&#x1784;&#x1794;&#x17D2;&#x179A;&#x17B6;&#x17C6;&#x1793;&#x17B6;&#x1780;&#x17CB;&#x1794;&#x17B6;&#x1793;&#x179B;&#x17C7;&#x1794;&#x1784;&#x17CB;&#x1787;&#x17B7;&#x179C;&#x17B7;&#x178F;&#x179A;&#x1794;&#x179F;&#x17CB;&#x1781;&#x17D2;&#x179B;&#x17BD;&#x1793; &#x178A;&#x17BE;&#x1798;&#x17D2;&#x1794;&#x17B8;&#x179F;&#x1798;&#x17D2;&#x179B;&#x17B6;&#x1794;&#x17CB;&#x1799;&#x1780;&#x17D2;&#x179F;&#x178A;&#x17CF;&#x1781;&#x17D2;&#x179B;&#x17B6;&#x17C6;&#x1784;&#x1798;&#x17D2;&#x1793;&#x17B6;&#x1780;&#x17CB;&#x17D4;

&#x178A;&#x17BE;&#x1798;&#x17D2;&#x1794;&#x17B8;&#x1782;&#x17C4;&#x179A;&#x1796;&#x1787;&#x17BC;&#x1793;&#x1780;&#x17C1;&#x179A;&#x17D2;&#x178F;&#x17B7;&#x17CD;&#x1788;&#x17D2;&#x1798;&#x17C4;&#x17C7;&#x178A;&#x179B;&#x17CB;&#x1780;&#x17BC;&#x1793;&#x1794;&#x17D2;&#x179A;&#x17BB;&#x179F;&#x178A;&#x17CF;&#x1780;&#x17D2;&#x179B;&#x17B6;&#x17A0;&#x17B6;&#x1793;&#x1791;&#x17B6;&#x17C6;&#x1784;&#x1794;&#x17D2;&#x179A;&#x17B6;&#x17C6;&#x1793;&#x17B6;&#x1780;&#x17CB;&#x1793;&#x17C1;&#x17C7; &#x1796;&#x17D2;&#x179A;&#x17C7;&#x179A;&#x17B6;&#x1787;&#x17B6;&#x1780;&#x17CF;&#x1794;&#x17B6;&#x1793;&#x1794;&#x17D2;&#x179A;&#x17B6;&#x179A;&#x1796;&#x17D2;&#x1792;&#x1796;&#x17B7;&#x1792;&#x17B8;&#x17A2;&#x179A;&#x1782;&#x17BB;&#x178E;&#x1798;&#x17BD;&#x1799; &#x1787;&#x17B6;&#x1798;&#x17BD;&#x1799;&#x1793;&#x17B9;&#x1784;&#x1793;&#x17C6;&#x1798;&#x17BD;&#x1799;&#x178A;&#x17C2;&#x179B;&#x1798;&#x17B6;&#x1793;&#x1788;&#x17D2;&#x1798;&#x17C4;&#x17C7;&#x1790;&#x17B6; &#x201C;&#x1780;&#x17D2;&#x179B;&#x17B6;&#x17A0;&#x17B6;&#x1793;&#x201D; &#x1794;&#x17C9;&#x17BB;&#x1793;&#x17D2;&#x178F;&#x17C2;&#x1788;&#x17D2;&#x1798;&#x17C4;&#x17C7; &#x201C;&#x1780;&#x17D2;&#x179B;&#x17B6;&#x17A0;&#x17B6;&#x1793;&#x201D; &#x1793;&#x17C4;&#x17C7;&#x1794;&#x17B6;&#x1793;&#x1795;&#x17D2;&#x179B;&#x17B6;&#x179F;&#x17CB;&#x1794;&#x17D2;&#x178A;&#x17BC;&#x179A;&#x1791;&#x17C5;&#x1787;&#x17B6; &#x201C;&#x1780;&#x17D2;&#x179A;&#x17A1;&#x17B6;&#x1793;&#x201D; &#x179A;&#x17A0;&#x17BC;&#x178F;&#x1798;&#x1780;&#x178A;&#x179B;&#x17CB;&#x179F;&#x1796;&#x17D2;&#x179C;&#x1790;&#x17D2;&#x1784;&#x17C3;&#x17D4;</subfield>
  </datafield>
  <datafield tag="520" ind1=" " ind2=" ">
    <subfield code="a">The hermit found a bamboo internode with coconut, sticky rice, bean, sugar and salt; he used magic to turn them to baby boys. Years later, those boys sacrified themselve to kill a powerful ogre. To honor the five brave boys, the king celebrated a thank-giving ceremony with a cake called Klahan, but the name Klahan became Kralan until now</subfield>
  </datafield>
  <datafield tag="521" ind1="8" ind2=" ">
    <subfield code="a">650 
</subfield>
    <subfield code="b">Lexile estimate 
</subfield>
  </datafield>
  <datafield tag="521" ind1="8" ind2=" ">
    <subfield code="a">P 
</subfield>
    <subfield code="b">Raz-Plus 
</subfield>
  </datafield>
  <datafield tag="650" ind1=" " ind2=" ">
    <subfield code="a">&#x1780;&#x17BB;&#x1798;&#x17B6;&#x179A;&#x1780;&#x17D2;&#x179B;&#x17B6;&#x17A0;&#x17B6;&#x1793;&#x1791;&#x17B6;&#x17C6;&#x1784;&#x17E5;</subfield>
  </datafield>
  <datafield tag="650" ind1=" " ind2=" ">
    <subfield code="a">The 5 brave boys </subfield>
  </datafield>
  <datafield tag="700" ind1=" " ind2=" ">
    <subfield code="a">Saren, Koam </subfield>
    <subfield code="e">Illustrator </subfield>
  </datafield>
  <datafield tag="942" ind1=" " ind2=" ">
    <subfield code="2">ddc</subfield>
    <subfield code="c">KHB</subfield>
    <subfield code="n">0</subfield>
  </datafield>
  <datafield tag="999" ind1=" " ind2=" ">
    <subfield code="c">8085</subfield>
    <subfield code="d">8085</subfield>
  </datafield>
  <datafield tag="952" ind1=" " ind2=" ">
    <subfield code="0">0</subfield>
    <subfield code="1">0</subfield>
    <subfield code="2">ddc</subfield>
    <subfield code="4">0</subfield>
    <subfield code="7">0</subfield>
    <subfield code="8">Khmer-English Bilingual </subfield>
    <subfield code="a">002</subfield>
    <subfield code="b">002</subfield>
    <subfield code="c">TTP Khmer</subfield>
    <subfield code="d">2025-08-22</subfield>
    <subfield code="l">0</subfield>
    <subfield code="o">SAR PZ7</subfield>
    <subfield code="p">FISBK03803</subfield>
    <subfield code="r">2025-08-22 10:15:23</subfield>
    <subfield code="t">1</subfield>
    <subfield code="w">2025-08-22</subfield>
    <subfield code="y">KHB</subfield>
  </datafield>
  <datafield tag="952" ind1=" " ind2=" ">
    <subfield code="0">0</subfield>
    <subfield code="1">0</subfield>
    <subfield code="2">ddc</subfield>
    <subfield code="4">0</subfield>
    <subfield code="7">0</subfield>
    <subfield code="8">Khmer-English Bilingual </subfield>
    <subfield code="a">002</subfield>
    <subfield code="b">002</subfield>
    <subfield code="c">TTP Khmer</subfield>
    <subfield code="d">2025-09-16</subfield>
    <subfield code="l">0</subfield>
    <subfield code="o">SAR PZ7</subfield>
    <subfield code="p">FIS04187</subfield>
    <subfield code="r">2025-09-16 10:27:25</subfield>
    <subfield code="t">2</subfield>
    <subfield code="w">2025-09-16</subfield>
    <subfield code="y">KHB</subfield>
  </datafield>
</record>
